Countries of Europe with a bad map - Statistics

General Stats
  • This quiz has been taken 44 times
  • The average score is 43 of 45
Answers on the Map
Answers color-coded by a green-red scale on the quiz's map according to % correct below.
 
Answer Stats
Country % Correct
Austria
100%
Finland
100%
France
100%
Germany
100%
Iceland
100%
Ireland
100%
Italy
100%
Norway
100%
Poland
100%
Russia
100%
Spain
100%
Sweden
100%
United Kingdom
100%
Belgium
97%
Bulgaria
97%
Czech Republic
97%
Denmark
97%
Greece
97%
Lithuania
97%
Luxembourg
97%
Netherlands
97%
Portugal
97%
Romania
97%
Ukraine
97%
Vatican City
97%
Albania
94%
Andorra
94%
Belarus
94%
Bosnia and Herzegovina
94%
Croatia
94%
Estonia
94%
Hungary
94%
Latvia
94%
Moldova
94%
San Marino
94%
Slovakia
94%
Switzerland
94%
Liechtenstein
91%
Montenegro
91%
North Macedonia
91%
Serbia
91%
Slovenia
91%
Monaco
89%
Kosovo
86%
Malta
86%
No matching quizzes found
Score Distribution
Percent of People with Each Score
Percentile by Number Answered
Your Score History
You have not taken this quiz